000
00318nam a2200145Ia 4500
008
230917s9999||||xx |||||||||||||| ||und||
020
_c
RS7.5
040
_e
151632
_a
MAIN
041
_a
English
082
_a
891.2109 S23A
100
_a
Shastri, Ganesh
245
0
_a
Arthalankar
300
_a
144p p.
942
_c
BK
999
_c
197524
_d
197524